Calculus with analytic geometry (Record no. 235116)
[ view plain ]
| 000 -LEADER | |
|---|---|
| fixed length control field | 00208 a2200097 4500 |
| 001 - CONTROL NUMBER | |
| control field | 43 |
| 090 ## - LOCALLY ASSIGNED LC-TYPE CALL NUMBER (OCLC); LOCAL CALL NUMBER (RLIN) | |
| -- | 20 |
| -- | 20 |
| 100 ## - MAIN ENTRY--PERSONAL NAME | |
| Personal name | |
| 245 ## - TITLE STATEMENT | |
| Title | Calculus with analytic geometry |
| 260 ## - PUBLICATION, DISTRIBUTION, ETC. | |
| Place of publication, distribution, etc. | USA |
| Name of publisher, distributor, etc. | Saunders College |
| Date of publication, distribution, etc. | 1985 |
| 942 ## - ADDED ENTRY ELEMENTS (KOHA) | |
| Institution code [OBSOLETE] | NUST-CAE |
| Koha item type | |
| -- | |
| Withdrawn status | Lost status | Damaged status | Not for loan | Collection code | Permanent Location | Current Location | Date acquired | Total Checkouts | Barcode | Date last seen | Price effective from | Koha item type | Source of classification or shelving scheme | Full call number |
|---|---|---|---|---|---|---|---|---|---|---|---|---|---|---|
| College of Aeronautical Engineering (CAE) | College of Aeronautical Engineering (CAE) | 04/03/2017 | CAEG-3135 | 04/05/2017 | 04/05/2017 | Book | ||||||||
| School of Civil and Environmental Engineering (SCEE) | School of Civil and Environmental Engineering (SCEE) | 04/06/2017 | NIT-8358 | 04/06/2017 | 04/06/2017 | 519 THO |
